000 00427nam a2200169Ia 4500
003 LK-CoDNM
005 20240726113207.0
008 010623t xxu||||| |||| 00| 1 eng d
040 _aLK-CoDNM
_dLK-CoDNM
_eLK-CoDNM
041 _aeng
080 _a14 BB30
100 _aKramrisch,Stella.
245 _aJournal of the Indian Society of Oriental Art
300 _b12p. : 28 cm
700 _aTagore,Rabindranath.
942 _cBK
999 _c134806
_d134806